000 01229nam a2200229Ia 4500
003 OSt
005 20210521124330.0
008 210310s1975 c gr 000 0 s d
040 _aCO-JMCR
_cCO-JMCR
041 0 _aspa
082 0 4 _a346.073 /
_bR412c
_223
100 1 _aRengifo, Ramiro,
_915777
_eautor
245 1 0 _aCrédito documentado :
_blas cartas de crédito /
_cRamiro Rengifo
250 _a1a. edición
260 _aMedellín :
_bBanco Industrial Colombiano,
_c1975
300 _a112 páginas ;
_c23 cm.
500 _aIncluye notas a pie de página
505 0 _aLos sujetos -- Antecedentes del Crédito documentado -- Regulación del crédito documentado -- El negocio fundamental o negocio base -- La apertura del crédito documentado -- Clases de crédito documentado -- Actuación del banco. Deberes -- Relación entre el negocio fundamental y la apertura de crédito documentado -- Derechos del banco -- Naturaleza jurídica del crédito documentado -- El trust receipt -- Nuevas tendencias en el crédito documentado -- Responsabilidad estatal por cambio de la política monetaria
650 1 4 _aCartas de crédito
_915779
_zColombia
650 2 4 _aCompañias comerciales financieras
_937774
942 _2ddc
_cBK
999 _c7904
_d7904